Directorio del Congreso Mexicano : LVIII Legislatura, 2000-2003 /

Diccionario biográfico y directorio de la LVIII Legislatura del Congreso de la Unión en México, correspondiente al período 2000-2003. La obra está estructurada en cuatro secciones básicas: las biografías de los legisladores de mayoría relativa y primera minoría, organizados por estados; las biografí...

Volledige beschrijving

Bewaard in:
Bibliografische gegevens
Coauteur: México. Congreso de la Unión (56a Legislatura : 2000-2003)
Andere auteurs: Alcocer V., Jorge (coordinación) (coordinación), Jackson Ramírez, Enrique (presentación) (presentación), García Cervantes, Ricardo (presentación) (presentación)
Formaat: Boek
Taal:Spaans
Gepubliceerd in: México : Congreso de la Unión, LVIII Legislatura : Nuevo Horizonte, 2001, c2001
Onderwerpen:
Tags: Voeg label toe
Geen labels, Wees de eerste die dit record labelt!

MARC

LEADER 00000nam^a2200000^a^4500
001 000125917
005 20250521000000.0
009 20260310094708.729
020 |a 968-6981-15-2 
037 |a Acervo ITESO - Biblioteca 
041 |a ESP 
082 |a 328. 72003  |b MEX DIR 2000-2003 
110 |a México.  |b Congreso de la Unión (56a Legislatura : 2000-2003) 
240 1 1 |a [Directorio del Congreso Mexicano] 
245 1 0 |a Directorio del Congreso Mexicano :  |b LVIII Legislatura, 2000-2003 /  |c Coord. de J. Alcocer V. ; presen. de E. Jackson Ramírez, R. García Cervantes. 
264 4 |a México :  |b Congreso de la Unión, LVIII Legislatura :  |b Nuevo Horizonte,  |c 2001, c2001 
300 |a 657 p. 
336 |a texto  |b txt  |2 rdacontenido 
337 |a sin mediación  |b n  |2 rdamedio 
338 |a volumen  |b nc  |2 rdasoporte 
520 |a Diccionario biográfico y directorio de la LVIII Legislatura del Congreso de la Unión en México, correspondiente al período 2000-2003. La obra está estructurada en cuatro secciones básicas: las biografías de los legisladores de mayoría relativa y primera minoría, organizados por estados; las biografías de senadores y diputados de representación proporcional; la organización de las comisiones legislativas y la bitácora del período septiembre 2000-abril 2001 y por último, tres ensayos sobre el poder legislativo. 
649 |a XX 
650 |a Legisladores Mexicanos -  |x Biografías 
650 |a Políticos Mexicanos -  |x Biografías 
650 |a Congreso de la Unión -  |z México -  |x Directorios 
650 |a Congreso de la Unión -  |z México -  |x Enciclopedias y Diccionarios 
650 |a Congreso de la Unión -  |z México -  |x Historia -  |y 2000-2006 
650 |a Congreso de la Unión -  |z México -  |x Historia -  |y Siglo XXI 
650 |a Poder Legislativo -  |z México -  |x Directorios -  |x Tema Principal 
650 |a Poder Legislativo -  |z México -  |x Enciclopedias y Diccionarios -  |x Tema Principal 
650 |a Poder Legislativo -  |z México -  |x Historia -  |y 2000-2006 -  |x Tema Principal 
650 |a Poder Legislativo -  |z México -  |x Historia -  |y Siglo XXI 
650 |a México -  |x Condiciones Políticas 
650 |a Política -  |z México -  |x Historia -  |y 2000-2006 
650 |a Política -  |z México -  |x Historia -  |y Siglo XXI 
650 |a Enciclopedias y Diccionarios 
700 |a Alcocer V., Jorge  |e (coordinación) 
700 |a Jackson Ramírez, Enrique  |e (presentación) 
700 |a García Cervantes, Ricardo  |e (presentación) 
910 |a Fondo General 
920 |a Impresos - Libros 
930 |a Obras de Referencia 
905 |a 102 
901 |a 0500058418  |b IT2  |c REF  |u 20250521 
902 |a https://opac.biblio.iteso.mx/vufind/Record/000125917